Statistiques concernant Paroles : La Main Verte - Tryo

Cliquez ici pour prendre le quiz!

Statistiques générales

  • Ce quiz a été pris 36 fois
  • Le résultat moyen est 278 sur 355

Statistiques - réponses

Réponse% Correct
À
97%
a
97%
à
97%
de
97%
De
97%
la
97%
Des
93%
des
93%
en
93%
J'ai
93%
j'ai
93%
Je
93%
le
93%
Ne
93%
se
93%
ces
90%
c'est
90%
C'est
90%
comme
90%
fumant
90%
fumer
90%
( fumer
90%
plus
90%
qu'à
90%
Que
90%
que
90%
qu'on
90%
Qu'on
90%
un
90%
arrête
86%
bon
86%
Bon,
86%
Bon
86%
Et
86%
et
86%
gens
86%
mon
86%
pas
86%
tous
86%
arrache
83%
drogué
83%
espérer
83%
être
83%
les
83%
mes
83%
nos
83%
On
83%
pensé
83%
Qui
83%
Y
83%
Alors
79%
bonne
79%
du
79%
mars
79%
octobre,
79%
peut-
79%
pieds
79%
pour
79%
saison
79%
sécu
79%
solution
79%
tard-pé
79%
tonnes
79%
Boucher
76%
chaque
76%
contrôle
76%
d'identité
76%
donne
76%
l'herbe
76%
nous
76%
plantations
76%
qualité
76%
si
76%
te
76%
transpirer
76%
trou
76%
bien
72%
pets
72%
pets )
72%
Tu
72%
veux
72%
Boum !
69%
Boum,
69%
Boum...
69%
faire
69%
l'argent
69%
permettre
69%
pourrait
69%
allègrement
66%
compris
66%
m'considérer
66%
paysans
66%
"Va
66%
dans
62%
fait
62%
fleurir
62%
foison
62%
légalisation
62%
looooo
62%
loooooo
62%
looooooo
62%
mettre !"
62%
pauvres
62%
vos
62%
vous
62%
aller
59%
balcons
59%
bouffons
59%
dirigeants
59%
dos
59%
Expliquez
59%
expliquez
59%
fumette
59%
jardins,
59%
l'alcool
59%
ont
59%
peux
59%
prison
59%
Sur
59%
tue
59%
voisins
59%
diamant
55%
fête
55%
graines
55%
hectares
55%
pognon
55%
bagues
52%
chichon
52%
dire
52%
Faites
52%
N'est
52%
qu'ils
52%
raisons
52%
recette
52%
Servent
52%
bonnes
48%
commerce
48%
j'en
48%
répètent
48%
retrouve
48%
s'entêtent
48%
coûte
45%
malhonnêtes
45%
son
45%
Bang
41%
Bang,
41%
faut
41%
mot
41%
Amassent
38%
décorez
38%
d'ordre
38%
Toutes
24%
Ça
21%
thunes
17%

Distribution des résultats

Percentile par nombre de réponses

% des personnes avec chaque résultat

Votre développement - résultats

Vous n’avez pas pris ce quiz